000 00656nam a22001937a 4500
005 20251108170932.0
008 250721s1980 xx 000 0 ara d
082 1 4 _a216.8/عبد
100 1 _aالخطيب، عبد الكريم
245 1 0 _aالحدود في الإسلام :
_bحكمتها...و أثرها في الأفراد و الجماعات و الأمم /
264 1 _aالرياض :
_bدار اللواء،
_c1980.
300 _a121ص
490 0 _aمن قضايا القرآن ، الكتاب الأول
650 1 7 _aالإسلام
650 1 7 _aالفقه
650 1 7 _aفقه العقوبات
942 _2ddc
_cBK
999 _c52528
_d52528